Online
Catalog

Hacia la carrera administrativa para el logro de eficiencia / (Record no. 39450)

MARC details
000 -CABECERA
campo de control de longitud fija 00831nam a2200229 a 4500
001 - NÚMERO DE CONTROL
campo de control 000039960
005 - FECHA Y HORA DE LA ÚLTIMA TRANSACCIÓN
campo de control 20241021150158.0
008 - DATOS DE LONGITUD FIJA--INFORMACIÓN GENERAL
campo de control de longitud fija 130731s1982 dr 000 0 spa d
040 ## - FUENTE DE LA CATALOGACIÓN
Centro catalogador/agencia de origen DO-SdBNP
Lengua de catalogación spa
Centro/agencia transcriptor BNPHU
082 ## - NÚMERO DE LA CLASIFICACIÓN DECIMAL DEWEY
Número de clasificación 342.068
Número de documento/Ítem H557h
100 1# - ENTRADA PRINCIPAL--NOMBRE DE PERSONA
Nombre de persona Hernández, José María
9 (RLIN) 35855
245 10 - MENCIÓN DE TÍTULO
Título Hacia la carrera administrativa para el logro de eficiencia /
Mención de responsabilidad, etc. José María Hernández, Raymundo Amaro Guzmán, Víctor Melitón Rodríguez.
250 ## - MENCIÓN DE EDICIÓN
Mención de edición 2a ed.
260 ## - PUBLICACIÓN, DISTRIBUCIÓN, ETC.
Lugar de publicación, distribución, etc. Santo Domingo, :
Nombre del editor, distribuidor, etc. ONAP,
Fecha de publicación, distribución, etc. 1982.
300 ## - DESCRIPCIÓN FÍSICA
Extensión 92 p. ;
Dimensiones 21 cm.
490 1# - MENCIÓN DE SERIE
Mención de serie Seminarios
Designación de volumen o secuencia 3
650 #0 - PUNTO DE ACCESO ADICIONAL DE MATERIA--TÉRMINO DE MATERIA
Término de materia o nombre geográfico como elemento de entrada Carrera administrativa
Subdivisión geográfica República Dominicana
9 (RLIN) 35844
650 #4 - PUNTO DE ACCESO ADICIONAL DE MATERIA--TÉRMINO DE MATERIA
Término de materia o nombre geográfico como elemento de entrada Función pública
Subdivisión geográfica República Dominicana
9 (RLIN) 17764
700 1# - PUNTO DE ACCESO ADICIONAL--NOMBRE DE PERSONA
Nombre de persona Amaro Guzmán, Raymundo
9 (RLIN) 656
700 1# - PUNTO DE ACCESO ADICIONAL--NOMBRE DE PERSONA
Nombre de persona Melitón Rodríguez, Víctor
9 (RLIN) 21051
830 #0 - PUNTO DE ACCESO ADICIONAL DE SERIE-TÍTULO UNIFORME
Título uniforme Seminarios
Número de parte o sección de la obra 3
9 (RLIN) 66176
Holdings
Estado de retiro Estado de pérdida No para préstamo Código de colección Localización permanente Ubicación/localización actual Ubicación en estantería Fecha de adquisición Número de inventario Total de préstamos Signatura topográfica completa Código de barras Fecha visto por última vez Precio válido a partir de Tipo de ítem Koha
    Excluido de préstamo Patrimonio Dominicano Patrimonio Dominicano Patrimonio Dominicano Depósito 31.07.2013 LF1   342.068 H557h 39960-10 25.06.2020 25.06.2020 Libro y Folleto Colección Patrimonio Dominicano

Powered by Koha